Pintura italiana del siglo XVII (Record no. 187048)

MARC details
000 -LEADER
campo de control de longitud fija 01145nam a2200241 i 4500
001 - NÚMERO DE CONTROL
campo de control 187048
003 - IDENTIFICADOR DE NÚMERO DE CONTROL
campo de control SpMaBN
005 - FECHA Y HORA DE LA ÚLTIMA TRANSACCIÓN
campo de control 20250823002624.0
008 - DATOS DE LONGITUD FIJA--INFORMACIÓN GENERAL
campo de control de longitud fija 170406s1970 sp aef c |||| |dspa d
080 ## - NÚMERO DE LA CLASIFICACIÓN DECIMAL UNIVERSAL
Número de la Clasificación Decimal Universal 75(45)"16":061.43(460.27 M.)"1970"
110 2# - ENTRADA PRINCIPAL--NOMBRE DE ENTIDAD CORPORATIVA
Nombre de entidad corporativa o nombre de jurisdicción como elemento de entrada Museo Nacional del Prado.
9 (RLIN) 160001
245 10 - MENCIÓN DEL TÍTULO
Título Pintura italiana del siglo XVII
Resto del título : exposición conmemorativa del ciento cincuenta aniversario de la fundación del Museo del Prado : Casón del Buen Retiro, Madrid, abril-mayo 1970 /
Mención de responsabilidad, etc. [dirección literaria, Alfonso E. Pérez Sánchez].
260 ## - PUBLICACIÓN, DISTRIBUCIÓN, ETC.
Lugar de publicación, distribución, etc. [Madrid] :
Nombre del editor, distribuidor, etc. Comisaría General de Exposiciones de la Dirección General de Bellas Artes,
Fecha de publicación, distribución, etc. 1970.
300 ## - DESCRIPCIÓN FÍSICA
Extensión 603 p., [1] h. de plano pleg., [1] p. de lám. :
Otras características físicas il. col. y n. ;
Dimensiones 26 cm.
504 ## - NOTA DE BIBLIOGRAFÍA, ETC.
Nota de bibliografía, etc. Bibliografía: p. 595-601.
650 #7 - PUNTO DE ACCESO ADICIONAL DE MATERIA--TÉRMINO DE MATERIA
Término de materia o nombre geográfico como elemento de entrada Pintura italiana-
Subdivisión cronológica S.XVII-
Subdivisión de forma Exposiciones.
9 (RLIN) 162299
655 #7 - TERMINO DE INDIZACIÓN--GENERO/FORMA
Fuente del término tgfbne
9 (RLIN) 193628
Datos o término principal de género/forma Catálogos de exposiciones
700 1# - ENTRADA AGREGADA--NOMBRE PERSONAL
Nombre de persona Pérez Sánchez, Alfonso E.,
Fechas asociadas al nombre 1935-2010
9 (RLIN) 91143
710 1# - ENTRADA AGREGADA--NOMBRE DE ENTIDAD CORPORATIVA
Nombre de entidad corporativa o nombre de jurisdicción como elemento de entrada España.
Unidad subordinada Comisaría General de Exposiciones
9 (RLIN) 3633
852 ## - LOCALIZACIÓN
Ubicación ES-MaACL
Número de control de estantería L-31369
Nota libre - enc. tela
942 ## - ELEMENTOS DE ENTRADA SECUNDARIOS (KOHA)
Fuente del sistema de clasificación o colocación Clasificación decimal universal
Holdings
Estatus retirado Estado de pérdida Estado de daño No para préstamo Biblioteca de origen Biblioteca actual Ubicación en estantería Fecha de adquisición Fuente de adquisición Total de préstamos Signatura topográfica completa Código de barras Visto por última vez Precio de reemplazo Tipo de ítem Koha
        Biblioteca del Ateneo de Madrid Biblioteca del Ateneo de Madrid Depósito 2 06/04/2017     L-31369 1197335 23/02/2023 23/02/2023 Libro impreso